000 00978nam a22002657a 4500
001 3667
003 FISKH
005 20240521084859.0
008 240404b cb ||||| |||| 00| 0 eng d
040 _aFISK
_beng
_cFISK
_dFISK
050 _aE468.S545
082 _a973.7
100 _aSheinkin Steve
_d1968-
245 _aTwo miserable presidents /
_cSteve Sheinkin
260 _aNew York :
_bScholastic,
_c2010
300 _a244 pages :
_billustrations,
_c20 cm
490 _3Everything your schoolbooks didn't tell you about the civil war
505 _aQ
520 _aA narrative history of the United States provides the funny, fascinating, and thoroughly compelling bits that played a part in the start of the Civil War, from the Congressional confrontations to the personal issues that threatened America's very existence.
521 8 _a920
_bLexile
521 8 _aQ
_bRaz-Plus
700 _aSteve Sheinkin
942 _2ddc
_cBK
_n0
999 _c3667
_d3667